000 00627cam a22002053a 4500
001 35963
003 PGUSA
005 20140828083755.0
008 110425s2011||||xxu|||||s|||||000 | eng d
040 _aPGUSA
_beng
042 _adc
100 1 _aSwan, Annie S.
_q(Annie Shepherd),
_d1859-1943
245 1 0 _aCourtship and Marriage :
_bAnd the Gentle Art of Home-Making
_h[electronic resource] /
_cAnnie S. Swan
260 _bProject Gutenberg,
_c2011
506 _aPublic domain in the USA.
516 _aElectronic text
830 0 _aProject Gutenberg
_v35963
856 4 0 _uhttp://www.gutenberg.org/ebooks/35963
942 _cEB
999 _c265218
_d265218